000 00884nam a2200277Ia 4500
003 OSt
005 20220918170732.0
006 a|||||r|||| 00| 0
007 ta
008 220917b |||||||| |||| 00| 0 eng d
020 _a9780415803724 (pbk)
_c2766.05
024 _a239,538
037 _b27954, 07/07/2009, Segment Book Distributors
_cTextual
040 _aARTS
_cARTS
_beng
041 _2eng
_aeng
082 _aY:351.6k, P4(906)
100 _aPeek Philip M. Ed.
_930785
245 0 _aAfrican folklore
_b An encyclopedia
250 _a2nd
260 _aLondon
_bRoutledge Taylor & Francis UK
_c2004
300 _axxxii,593p.
_ccm.
650 _aSOCIOLOGY
700 _a Yankah Kwesi Ed.
_930786
942 _hY:351.6k, P4(906)
_cTEXL
_2CC
999 _c135446
_d135446